Who's in the garden? / (Record no. 6832)

MARC details
000 -LEADER
fixed length control field 01124cam a2200349 a 4500
001 - CONTROL NUMBER
control field 6832
003 - CONTROL NUMBER IDENTIFIER
control field FISKH
005 - DATE AND TIME OF LATEST TRANSACTION
control field 20250530082608.0
008 - FIXED-LENGTH DATA ELEMENTS--GENERAL INFORMATION
fixed length control field 090427s2010 maua b 000 1 eng
010 ## - LIBRARY OF CONGRESS CONTROL NUMBER
LC control number 2009016184
020 ## - INTERNATIONAL STANDARD BOOK NUMBER
International Standard Book Number 9781846864032
040 ## - CATALOGING SOURCE
Original cataloging agency DLC
Transcribing agency DLC
Modifying agency DLC
Language of cataloging eng
050 ## - LIBRARY OF CONGRESS CALL NUMBER
Classification number PZ8.G3235 W
082 ## - DEWEY DECIMAL CLASSIFICATION NUMBER
Classification number 591.5
100 1# - MAIN ENTRY--PERSONAL NAME
Personal name Gershator, Phillis.
245 10 - TITLE STATEMENT
Title Who's in the garden? /
Statement of responsibility, etc. written by Phillis Gershator ; illustrated by Jill McDonald.
260 ## - PUBLICATION, DISTRIBUTION, ETC.
Place of publication, distribution, etc. Cambridge :
Name of publisher, distributor, etc. Barefoot Books,
Date of publication, distribution, etc. 2010.
300 ## - PHYSICAL DESCRIPTION
Extent 24 unnumbered pages :
Other physical details color illustrations ;
Dimensions 22 cm
505 ## - FORMATTED CONTENTS NOTE
Formatted contents note G<br/>
520 ## - SUMMARY, ETC.
Summary, etc. Pictures and rhyming text describe the animals and insects that make a garden noisy, vibrant, and beautiful.
521 8# - TARGET AUDIENCE NOTE
Target audience note 300<br/>
Source Lexile estimate <br/>
521 8# - TARGET AUDIENCE NOTE
Target audience note G<br/>
Source Raz-Plus<br/>
650 #0 - SUBJECT ADDED ENTRY--TOPICAL TERM
Topical term or geographic name entry element Gardening
Source of heading or term Animals
Form subdivision Storytime
650 #1 - SUBJECT ADDED ENTRY--TOPICAL TERM
Topical term or geographic name entry element Stories in rhyme.
650 #1 - SUBJECT ADDED ENTRY--TOPICAL TERM
Topical term or geographic name entry element Gardens
Form subdivision Fiction.
650 #1 - SUBJECT ADDED ENTRY--TOPICAL TERM
Topical term or geographic name entry element Animals
Form subdivision Fiction.
650 #1 - SUBJECT ADDED ENTRY--TOPICAL TERM
Topical term or geographic name entry element Board books.
700 1# - ADDED ENTRY--PERSONAL NAME
Personal name McDonald, Jill,
Relator term illustrator
906 ## - LOCAL DATA ELEMENT F, LDF (RLIN)
a 7
b cbc
c orignew
d 1
e ecip
f 20
g y-gencatlg
942 ## - ADDED ENTRY ELEMENTS (KOHA)
Source of classification or shelving scheme Dewey Decimal Classification
Koha item type Books
Suppress in OPAC No
Holdings
Withdrawn status Lost status Source of classification or shelving scheme Damaged status Not for loan Collection Home library Current library Shelving location Date acquired Total Checkouts Full call number Barcode Date last seen Date last checked out Copy number Price effective from Koha item type
    Dewey Decimal Classification     Juvenile Fiction Footprints International School Library Network Toul Kork Campus Footprints International School Library Network Toul Kork Campus TK Primary Library Room(4th Floor), Bookcase 5&6, Shelves 33-56, Orange Books 05/30/2025 1 GER 591.5 PZ8.G3235 W FISBK01339 03/12/2026 01/14/2026 1 05/30/2025 Books